000 00294nam a2200121 a 4500
005 20141022141959.0
008 120229s19uu xx 00 eng d
050 _aCD
_bC49 2011
100 _aChelsa, David
245 _aExtreme perspective /
_cDavid Chelsea.
260 _c2011.
942 _cAVM
999 _c276159
_d276159